000
00315nam a22001337a 4500
008
260420b ||||| |||| 00| 0 eng d
020
_a
9789951585507078.5
041
_a
Shqip
080
_a
078.85
100
_a
32
101
_a
Juridik
245
_a
Metodologjia e Shkrimit Ligjor
_c
Kadri Bicaj
942
_2
udc
_c
BK
999
_c
60982
_d
60982